| 000 | 00601nam a2200193 a 4500 | ||
|---|---|---|---|
| 005 | 20250524063827.0 | ||
| 008 | 991125s1995 mx 000 0 spa u | ||
| 020 | _a9686297677 | ||
| 035 | _aUPN01000002847 | ||
| 049 | _aCG | ||
| 050 | 4 |
_aLB2846 _bT3.3 |
|
| 100 | 1 |
_aTaborga Torrico, Huáscar, _d1930- _930300 |
|
| 245 | 1 | 0 |
_aAnálisis y opciones de la oferta educativa / _cHuáscar Taborga Torrico. |
| 260 |
_aMéxico : _bANUIES, _c1995. |
||
| 300 |
_a107 p. : _bcuadros, gráfs. |
||
| 440 | 0 |
_aTemas de hoy en la educación superior ; _v5 |
|
| 650 | 4 |
_aEducación _vEstadística _97284 |
|
| 905 | _aLibro | ||
| 999 |
_c2847 _d2847 |
||